Soldier Studies : Cross-Dressing in der Wehrmacht = Cross-Dressing in the Wehrmacht /

Salvato in:
Dettagli Bibliografici
Autori principali: Dammani, Martin (Autore), Welzer, Harald (Autore)
Natura: Libro
Lingua:tedesco
inglese
Pubblicazione: Berlin : Hatje Cantz, c2019Verlag
Tags: Aggiungi Tag
Nessun Tag, puoi essere il primo ad aggiungerne!!

MARC

LEADER 00000nam a22000007i 4500
001 IT\ICCU\PUV\1579189
003 ItRI
005 20260115232020.0
008 240402s2019 gw |||||| ||||| |||||c
020 |a 9783775744836 (hardback) 
040 |b ita  |c importazione bologna sebina 
041 7 |a ger  |a eng  |2 ISO-639-2 
100 1 |a Dammani, Martin  |0 IT\ICCU\PUVV\478928  |4 aut 
240 1 0 |a Soldier Studies  |3 IT\ICCU\PUV\3014826  |9 Dammani, Martin 
245 1 0 |a Soldier Studies :  |b Cross-Dressing in der Wehrmacht = Cross-Dressing in the Wehrmacht /  |c Martin Damman ; texte con Martin Dammann und Haraldi Welzer. 
260 |a Berlin :  |b Hatje Cantz,  |c c2019Verlag 
300 |a 127 p. :  |b in gran parte ill. ;  |c 26 cm 
500 |a Copertina cartonata 
700 1 |a Welzer, Harald  |0 IT\ICCU\UFIV\137485  |4 aut 
942 |2 ddc  |c BK  |n 0 
952 |0 0  |1 0  |4 0  |6 DOC_940_541000000000000_DAM  |7 0  |9 18929  |a BO  |b BO  |d 2026-01-15  |i 19638  |l 0  |o DOC 940.541 DAM  |p BO19638  |r 2026-01-15 23:20:20  |w 2026-01-15  |x [Sebina 5] [1 v.]  |y BK  |z 1 v. 
999 |c 16085  |d 16085